[Event "Penang op 6th"]
[Site "Penang"]
[Date "2014.12.09"]
[Round "3"]
[White "Chuah, Yi Ning"]
[Black "Noguchi, Koji"]
[Result "0-1"]
[WhiteElo "1601"]
[BlackElo "2105"]
[PlyCount "106"]
[EventDate "2014.12.08"]
[EventType "swiss"]
[EventRounds "9"]
[EventCountry "MAS"]
[SourceTitle "CBM 163 Extra"]
[Source "ChessBase"]
[SourceDate "2014.12.23"]
[SourceVersion "1"]
[SourceVersionDate "2014.12.23"]
[SourceQuality "1"]

1. e4 g6 2. d4 Bg7 3. Nc3 d6 4. Bc4 Nf6 5. f3 0-0 6. Be3 c6 7. Bb3 b5 8. Qd2 a5 9. a4 b4 10. Nd1 Nbd7 11. Ne2 Qc7 12. c4 bxc3 13. Qxc3 Ba6 14. Bc4 c5 15. 0-0 Rfc8 16. Bxa6 Rxa6 17. Rc1 Rc6 18. Qa3 Qb7 19. Ndc3 Qb4 20. Nb5 Qxa3 21. Nxa3 cxd4 22. Bxd4 Bh6 23. Rxc6 Rxc6 24. Rd1 Nc5 25. Bxf6 exf6 26. Nc3 Rb6 27. Nc4 Rb4 28. Nxa5 Rxb2 29. Nd5 Nxa4 30. Nxf6+ Kf8 31. Nc4 Rc2 32. Ng4 Bf4 33. Nce3 Re2 34. Nd5 Bg5 35. Kf1 Rb2 36. Nf2 Nc5 37. Ra1 Nb3 38. Rd1 Bh4 39. Nd3 Ra2 40. N5b4 Ra8 41. Nb2 Bf6 42. N4d3 Rc8 43. Na4 Rc2 44. Ne1 Ra2 45. Rd3 Nd2+ 46. Ke2 Nxe4+ 47. Ke3 Nc5 48. Nxc5 dxc5 49. Rd2 Bg5+ 50. f4 Bxf4+ 51. Kxf4 Rxd2 52. Ke3 Rd8 53. Nc2 Kg7 0-1

[Event "Cappelle op 30th"]
[Site "Cappelle la Grande"]
[Date "2014.03.06"]
[Round "7"]
[White "Hovhannisyan, Mher"]
[Black "Noguchi, Koji"]
[Result "1-0"]
[WhiteElo "2526"]
[BlackElo "2086"]
[PlyCount "69"]
[EventDate "2014.03.01"]
[EventType "swiss"]
[EventRounds "9"]
[EventCountry "FRA"]
[SourceTitle "CBM 159 Extra"]
[Source "ChessBase"]
[SourceDate "2014.04.24"]
[SourceVersion "1"]
[SourceVersionDate "2014.04.24"]
[SourceQuality "1"]

1. e4 g6 2. d4 Bg7 3. Nc3 d6 4. Nf3 a6 5. a4 b6 6. Bc4 e6 7. h4 h6 8. h5 g5 9. Ne2 Bb7 10. d5 e5 11. Ng3 Bf6 12. Nh2 Nd7 13. Ng4 Qe7 14. Ra3 Qf8 15. b4 Rh7 16. a5 Bd8 17. Qe2 b5 18. Ba2 c5 19. dxc6 Bxc6 20. Rc3 Rc8 21. Bd5 Ne7 22. Bxc6 Rxc6 23. Rxc6 Nxc6 24. 0-0 Nxb4 25. c4 Nc5 26. cxb5 Qe7 27. Ba3 Nbd3 28. Bxc5 Nf4 29. Qc4 dxc5 30. b6 Qe6 31. Qxa6 Qxg4 32. b7 Bc7 33. Qb5+ Qd7 34. b8Q+ Bxb8 35. Qxb8+ 1-0

[Event "Penang op-A 5th"]
[Site "Penang"]
[Date "2013.12.13"]
[Round "9"]
[White "Lim, De Dao Linson"]
[Black "Noguchi, Koji"]
[Result "0-1"]
[WhiteElo "1815"]
[BlackElo "2089"]
[PlyCount "112"]
[EventDate "2013.12.09"]
[EventType "swiss"]
[EventRounds "9"]
[EventCountry "MAS"]
[SourceTitle "CBM 157 Extra"]
[Source "ChessBase"]
[SourceDate "2013.12.19"]
[SourceVersion "1"]
[SourceVersionDate "2013.12.19"]
[SourceQuality "1"]

1. e4 g6 2. d4 Bg7 3. Nf3 d6 4. c3 Nf6 5. Bd3 0-0 6. 0-0 Nc6 7. h3 e5 8. dxe5 dxe5 9. Qe2 h6 10. Rd1 Nh5 11. Be3 Qf6 12. Nbd2 Nf4 13. Bxf4 Qxf4 14. Nf1 Qf6 15. Ne3 Ne7 16. Bc4 h5 17. Nd5 Nxd5 18. Rxd5 Re8 19. Rad1 Bf8 20. Bb3 Kg7 21. Qd3 Bd6 22. Qe3 a5 23. Ng5 Re7 24. h4 b6 25. Rxd6 cxd6 26. Qxb6 Ra6 27. Qd8 Bd7 28. Bc4 Rc6 29. Bd5 Rc5 30. Rd3 Bg4 31. f3 Bc8 32. Bxf7 Rxf7 33. Nxf7 Kxf7 34. Qxd6 Qxd6 35. Rxd6 Be6 36. a3 Rb5 37. Rd2 a4 38. Kf2 Rb7 39. Ke3 Rd7 40. Rxd7+ Bxd7 41. Kd3 Ke6 42. Kc4 Kd6 43. Kb4 Be8 44. g3 Bd7 45. Kc4 Kc6 46. Kb4 Kb6 47. f4 exf4 48. gxf4 Bc6 49. f5 g5 50. f6 Be8 51. e5 Kc6 52. e6 Kd6 53. f7 Bxf7 54. exf7 Ke7 55. c4 g4 56. Kb5 g3 0-1

[Event "Penang op-A 5th"]
[Site "Penang"]
[Date "2013.12.11"]
[Round "4"]
[White "Noguchi, Koji"]
[Black "Chan, Yi Meng Ryan"]
[Result "1-0"]
[WhiteElo "2089"]
[BlackElo "1660"]
[PlyCount "65"]
[EventDate "2013.12.09"]
[EventType "swiss"]
[EventRounds "9"]
[EventCountry "MAS"]
[SourceTitle "CBM 157 Extra"]
[Source "ChessBase"]
[SourceDate "2013.12.19"]
[SourceVersion "1"]
[SourceVersionDate "2013.12.19"]
[SourceQuality "1"]

1. c4 c6 2. g3 e6 3. Bg2 d5 4. Nf3 Nf6 5. 0-0 Bd6 6. b3 0-0 7. Bb2 Nbd7 8. d3 e5 9. cxd5 Nxd5 10. Nbd2 Qe7 11. Nc4 Bc7 12. Ba3 c5 13. Rc1 N7b6 14. Nfd2 Bd7 15. Na5 Rab8 16. Ne4 Rfc8 17. Bxc5 Qe6 18. Ba3 f5 19. Nc5 Qe7 20. Nc4 Nxc4 21. Bxd5+ Kh8 22. Rxc4 Bd6 23. Nxd7 Qxd7 24. Rxc8+ Rxc8 25. Bxd6 Qxd6 26. Bxb7 Rc7 27. Bf3 f4 28. Qd2 fxg3 29. hxg3 Qe6 30. Rc1 Re7 31. Rc6 Qh3 32. Qg5 Re8 33. Bg4 1-0

[Event "Penang op-A 5th"]
[Site "Penang"]
[Date "2013.12.10"]
[Round "3"]
[White "Tang, Wei Kit"]
[Black "Noguchi, Koji"]
[Result "0-1"]
[WhiteElo "1731"]
[BlackElo "2089"]
[PlyCount "65"]
[EventDate "2013.12.09"]
[EventType "swiss"]
[EventRounds "9"]
[EventCountry "MAS"]
[SourceTitle "CBM 157 Extra"]
[Source "ChessBase"]
[SourceDate "2013.12.19"]
[SourceVersion "1"]
[SourceVersionDate "2013.12.19"]
[SourceQuality "1"]

1. d4 Nf6 2. c4 c5 3. d5 e6 4. Nc3 exd5 5. cxd5 d6 6. e4 g6 7. f4 Bg7 8. Nf3 0-0 9. Be2 Bg4 10. h3 Bxf3 11. Bxf3 Nbd7 12. 0-0 Qa5 13. a4 Rfe8 14. Re1 c4 15. Nb5 a6 16. Bd2 Qb6+ 17. Be3 Nc5 18. Na3 Nfxe4 19. Nxc4 Qb4 20. Qc2 Rac8 21. Rac1 Nxa4 22. Bxe4 Nxb2 23. Bd3 Nxc4 24. Bxc4 b5 25. Qf2 bxc4 26. Rb1 Qa3 27. Rb6 c3 28. Rc6 Rb8 29. Bc1 Qb4 30. Kh2 a5 31. Re3 Bd4 32. Rxe8+ Rxe8 33. Qa2 0-1

[Event "Penang op-A 5th"]
[Site "Penang"]
[Date "2013.12.09"]
[Round "1"]
[White "Lim, Ming Kang"]
[Black "Noguchi, Koji"]
[Result "0-1"]
[WhiteElo "1584"]
[BlackElo "2089"]
[PlyCount "64"]
[EventDate "2013.12.09"]
[EventType "swiss"]
[EventRounds "9"]
[EventCountry "MAS"]
[SourceTitle "CBM 157 Extra"]
[Source "ChessBase"]
[SourceDate "2013.12.19"]
[SourceVersion "1"]
[SourceVersionDate "2013.12.19"]
[SourceQuality "1"]

1. e4 c5 2. Nc3 Nc6 3. f4 g6 4. Nf3 Bg7 5. Bb5 Nd4 6. 0-0 Nxb5 7. Nxb5 d6 8. d3 Nf6 9. Nc3 0-0 10. Qe1 e6 11. Qf2 Rb8 12. a4 a6 13. h3 b5 14. axb5 axb5 15. Nh4 b4 16. Ne2 c4 17. f5 b3 18. Nc3 bxc2 19. d4 exf5 20. exf5 Qb6 21. fxg6 hxg6 22. Nf3 Bf5 23. g4 Bd3 24. Re1 d5 25. Ra2 Ne4 26. Nxd5 Qd6 27. Rxe4 Bxe4 28. Nc3 Bxf3 29. Qxf3 Bxd4+ 30. Kg2 Bxc3 31. bxc3 Qd1 32. Qe3 Rb1 0-1

[Event "Hong Kong-ch op"]
[Site "Hong Kong"]
[Date "2013.09.29"]
[Round "5"]
[White "Aris, TLS"]
[Black "Noguchi, Koji"]
[Result "1/2-1/2"]
[WhiteElo "2191"]
[BlackElo "2087"]
[PlyCount "30"]
[EventDate "2013.09.27"]
[EventType "swiss"]
[EventRounds "9"]
[EventCountry "HKG"]
[SourceTitle "EXT 2015"]
[Source "ChessBase"]
[SourceDate "2014.11.20"]
[SourceVersion "1"]
[SourceVersionDate "2014.11.20"]
[SourceQuality "1"]

1. Nf3 g6 2. d4 Bg7 3. c3 d6 4. Bg5 Nf6 5. Nbd2 0-0 6. e3 b6 7. Be2 Bb7 8. 0-0 Nbd7 9. h3 c5 10. a4 a6 11. Qc2 Qc7 12. Rfe1 Rac8 13. Rad1 Rfe8 14. Bf4 Qb8 15. Bh2 Qa8 1/2-1/2

[Event "JPN-ch 46th"]
[Site "Tokyo"]
[Date "2013.05.05"]
[Round "9"]
[White "Noguchi, Koji"]
[Black "Ikeda, Junta"]
[Result "0-1"]
[WhiteElo "2062"]
[BlackElo "2367"]
[PlyCount "110"]
[EventDate "2013.05.01"]
[EventType "swiss"]
[EventRounds "11"]
[EventCountry "JPN"]
[SourceTitle "CBM 154 Extra"]
[Source "ChessBase"]
[SourceDate "2013.06.25"]
[SourceVersion "2"]
[SourceVersionDate "2013.06.25"]
[SourceQuality "1"]

1. Nf3 Nf6 2. c4 e6 3. g3 a6 4. Bg2 b5 5. b3 Bb7 6. 0-0 Be7 7. Nc3 b4 8. Na4 0-0 9. d4 Be4 10. Bh3 d6 11. Re1 Nbd7 12. Nd2 Bb7 13. e4 c5 14. d5 exd5 15. exd5 Re8 16. Nf3 Bc8 17. Bb2 Rb8 18. Bg2 Nf8 19. Qc2 Bd7 20. Re2 Qc8 21. Rae1 Bd8 22. Bc1 Bf5 23. Qd1 Rxe2 24. Qxe2 Rb7 25. Qf1 Ng6 26. Nb2 Re7 27. Nd3 Ne4 28. Nf4 Nc3 29. Nxg6 hxg6 30. a3 a5 31. axb4 axb4 32. Bf4 Qd7 33. Nd2 Qe8 34. Rxe7 Qxe7 35. Bf3 g5 36. Be3 Qf6 37. g4 Bc2 38. Kg2 Qg6 39. Qa1 Bf6 40. Qa8+ Kh7 41. Qa7 Be5 42. Qe7 f6 43. Qe6 Qd3 44. Qf7 Qg6 45. Qe6 Nd1 46. Qd7 Nxe3+ 47. fxe3 Bc3 48. Nf1 Be5 49. Nd2 Bc3 50. Nf1 Bxb3 51. Ng3 Bc2 52. Nf5 b3 53. Ne7 Qf7 54. e4 b2 55. Qf5+ g6 0-1